[Event "Caracas Hybrid Rapid op"]
[Site "Caracas"]
[Date "2022.09.17"]
[Round "5"]
[White "Joseph, Sanjiv"]
[Black "Castaneda Quiames, Fabio Andres"]
[Result "0-1"]
[WhiteElo "1171"]
[BlackElo "1021"]
[PlyCount "60"]
[EventDate "2022.09.17"]
[EventType "swiss"]
[EventRounds "11"]
[EventCountry "VEN"]
[SourceTitle "EXT 2023"]
[Source "ChessBase"]
[SourceDate "2022.10.05"]
[SourceVersion "1"]
[SourceVersionDate "2022.10.05"]
[SourceQuality "1"]

1. d4 f5 2. Bf4 e6 3. e3 Nf6 4. Nf3 b6 5. c4 Bb4+ 6. Nbd2 Bb7 7. Be2 0-0 8. 0-0 d6 9. a3 Bxd2 10. Qxd2 Ne4 11. Qd3 Nd7 12. h4 h6 13. Nd2 Nxd2 14. Qxd2 Qxh4 15. Bg3 Qg5 16. Bf3 Bxf3 17. gxf3 h5 18. f4 Qg4 19. Kh1 h4 20. Bh2 Nf6 21. Rg1 Qf3+ 22. Rg2 h3 23. Rag1 hxg2+ 24. Rxg2 Ne4 25. Qe1 Rf6 26. d5 Rg6 27. Qg1 exd5 28. cxd5 Rf8 29. Qf1 Nd2 30. Qg1 Rff6 0-1

[Event "Caracas Hybrid Rapid op"]
[Site "Caracas"]
[Date "2022.09.17"]
[Round "7"]
[White "Rodriguez Guerra, Ildeglys Patricia"]
[Black "Castaneda Quiames, Fabio Andres"]
[Result "1/2-1/2"]
[WhiteElo "1050"]
[BlackElo "1021"]
[PlyCount "107"]
[EventDate "2022.09.17"]
[EventType "swiss"]
[EventRounds "11"]
[EventCountry "VEN"]
[SourceTitle "EXT 2023"]
[Source "ChessBase"]
[SourceDate "2022.10.05"]
[SourceVersion "1"]
[SourceVersionDate "2022.10.05"]
[SourceQuality "1"]

1. e4 e5 2. Nf3 d6 3. Nc3 Nf6 4. Bb5+ c6 5. Ba4 Be7 6. 0-0 0-0 7. d3 Bg4 8. h3 Bh5 9. d4 Bxf3 10. Qxf3 exd4 11. Ne2 c5 12. c3 dxc3 13. Nxc3 a6 14. Bg5 b5 15. Bc2 Nbd7 16. Nd5 Nxd5 17. Bxe7 Qxe7 18. exd5 Nf6 19. Rfe1 Qb7 20. Rad1 Rfe8 21. Rxe8+ Rxe8 22. a3 Re5 23. b4 Rxd5 24. Rxd5 Qxd5 25. Qxd5 Nxd5 26. Be4 Nc7 27. Bc6 d5 28. bxc5 a5 29. Kf1 b4 30. axb4 axb4 31. Ba4 d4 32. Ke2 Na6 33. c6 Kf8 34. c7 Nxc7 35. Kd3 Ke7 36. Kxd4 Ke6 37. Bb3+ Kf5 38. Bxf7 g5 39. f3 Kf4 40. Bc4 Kg3 41. Bd3 Kxg2 42. Bxh7 Kxf3 43. Bf5 Ne8 44. Kc5 b3 45. Kd4 Nd6 46. Bg4+ Kg3 47. Kc3 Ne4+ 48. Kxb3 Nf2 49. Bc8 Nxh3 50. Kc2 Nf2 51. Kd2 Ne4+ 52. Ke3 Nd6 53. Bd7 Nc4+ 54. Ke4 1/2-1/2